Strategiczne doskonalenie architektury procesów w zarzadzaniu przedsiebiorstwem

Enregistré dans:
Détails bibliographiques
Auteur principal: Cyfert, Szymon
Format: Livre
Langue:polonais
Publié: Poznan Wydawnictwo Akademii Ekonomicznej w Poznaniu 2006
Collection:Prace habilitacyjne 28
Sujets:
Tags: Ajouter un tag
Pas de tags, Soyez le premier à ajouter un tag!

MARC

LEADER 00000nam$a2200000$$$4500
001 0051553
005 20240318120342.9
020 |a 978-83-7417-208-0 
022 |a 1642-3119 
041 0 |a pol 
044 |a PL 
245 1 0 |a Strategiczne doskonalenie architektury procesów w zarzadzaniu przedsiebiorstwem  |c Szymon Cyfert 
264 1 |a Poznan  |b Wydawnictwo Akademii Ekonomicznej w Poznaniu  |c 2006 
300 |a 199 s. 
490 1 |a Prace habilitacyjne  |v 28 
830 0 |a Prace habilitacyjne  |v 28 
610 2 0 |a riadenie podnikové 
610 2 0 |a výskum 
610 2 0 |a podnik 
610 2 0 |a metódy riadenia 
610 2 0 |a modely 
610 2 0 |a projekty 
100 1 |a Cyfert, Szymon